000 00523cam a2200145 4500500
005 20251228083125.0
041 _afre
042 _adc
100 1 0 _aQuantin, Jean-Louis
_eauthor
245 0 0 _a« Si mes Lettres sont condamnées à Rome... » Les Provinciales devant le Saint-Office
260 _c2014.
500 _a33
786 0 _nDix-septième siècle | 265 | 4 | 2014-11-03 | p. 587-617 | 0012-4273
856 4 1 _uhttps://shs.cairn.info/revue-dix-septieme-siecle-2014-4-page-587?lang=fr&redirect-ssocas=7080
999 _c1600594
_d1600594